000 00869cab a2200265 4500
001 ABS55811
008 090401t1996 xxu||||| |||| 00| 0 eng d
035 _a(Sirsi) u18931
041 _aeng
100 _aParand, F.
245 _aAre you online?
260 _c1996
350 _a0
490 _aBuilding Services
_vSeptember 1996, 42-46(5)
520 _aFirst of a two-part series discussing the development of electronic databases. Assesses the services available on CD ROM and the World Wide Web and discusses how they operate. Part 2 by Roderic Bunn.
650 _aBlock management
_96220
650 _aCD-ROM
650 _aCONSTRUCTION INFORMATION GATEWAY
650 _aINTERNET
650 _aONLINE DATABASES
650 _aWORLD WIDE WEB
690 _aMANAGEMENT-BUSINESS MANAGEMENT-INFORMATION MANAGEMENT
942 _n0
948 _c04/03/1997
999 _c12593
_d12593